| 000 | 01176cam a22003377a 4500 | ||
|---|---|---|---|
| 003 | CHAP | ||
| 005 | 20220329134034.0 | ||
| 008 | 971013s1955 r 00010 d | ||
| 010 | _a14484 | ||
| 011 | _a15456 | ||
| 035 | _a19532 | ||
| 040 | _cCHAP | ||
| 090 | _aTesis | ||
| 100 | 0 | 0 |
_aHernández Luna, Rogelio. _954265 |
| 245 | 0 | _aCiclo biológico del picudo chico del maíz Nicentrites testaceipes (Champion) y su importancia para la agrícultura en México | |
| 260 |
_aChapingo, Méx. : _bEl Autor, _c1955 |
||
| 300 | _a26 h. | ||
| 502 | _aTesis (Ing. Agrónomo Esp. en Parasitología) -- ENA. Depto. de Parasitología | ||
| 590 |
_aALEPH _b10 _c20130110 _lUCH01 _h1236 |
||
| 590 |
_aBATCH-UPD _b10 _c20130110 _lUCH01 _h0030 |
||
| 590 |
_aBATCH-UPD _b10 _c20130110 _lUCH01 _h2221 |
||
| 590 |
_aBATCH-UPD _b10 _c20130409 _lUCH01 _h2013 |
||
| 590 |
_aBATCH-UPD _b10 _c20130914 _lUCH01 _h1610 |
||
| 590 |
_aCONVERSION _b10 _c20130109 _lUCH01 _h1309 |
||
| 650 | 1 | 4 |
_aNicentrus testaceipes. _981137 |
| 901 | _aBK | ||
| 942 | _cFOLL | ||
| 949 |
_bBC _cTES _d-45478 _eTS1 _i19532 _si |
||
| 949 |
_bBC _cTES _d-45479 _eTS2 _fc.2 _i19532 _si |
||
| 949 |
_bBC _cTES _d-45480 _eTS2 _fc.3 _i19532 _si |
||
| 999 |
_c14484 _d14484 |
||